| 000 | 00824nam a22002297a 4500 | ||
|---|---|---|---|
| 999 |
_c8878 _d8878 |
||
| 003 | AR-CdUCM | ||
| 008 | 190326b ||||| |||| 00| 0 spa d | ||
| 040 |
_aMUNICIPALIDAD PROVINCIAL DEL CUSCO _cBIBLIOTECA MUNICIPAL DEL CUSCO |
||
| 082 |
_22ed. _a864 / _bB45 |
||
| 100 |
_aBergson, Henri Louis _924686 |
||
| 245 |
_aLa risa : _bensayo sobre la significación de lo cómico / |
||
| 260 |
_aBuenos Aires : _bLosada, _c1947. |
||
| 300 |
_a152 páginas ; _c18 cm. |
||
| 505 | _aContenido : De lo cómico en general -- Lo cómico de situación y lo cómico verbal -- Lo cómico de los caracteres. | ||
| 650 |
_aEnsayos _9375 |
||
| 650 |
_aRisa (Psicología) _924687 |
||
| 650 |
_aComicidad _924688 |
||
| 650 |
_aFilosofía _9395 |
||
| 700 |
_aRaggio, Amalia Haydée (traductora) _924689 |
||
| 942 |
_2ddc _cLIBROS |
||
| 945 | _azta | ||